№ 1, ч. 1; Водоснабжение и санитарная техника

Opis bibliograficzny
Parent link:Водоснабжение и санитарная техника: научно-технический и производственный журнал. № 1, ч. 1.— , 1968-.— 0321-4044
Język:rosyjski
Wydane: 2006
Format: MixedMaterials Książka
KOHA link:https://koha.lib.tpu.ru/cgi-bin/koha/opac-detail.pl?biblionumber=399947

MARC

LEADER 00000nam2a2200000 4500
001 399947
005 20231101065319.0
035 |a (RuTPU)RU\TPU\prd\41749 
090 |a 399947 
100 |a 20060306a20069999k y0rusy50 ca 
101 0 |a rus 
102 |a RU 
200 0 |a № 1, ч. 1 
210 |d 2006 
461 1 |0 (RuTPU)RU\TPU\prd\1404  |x 0321-4044  |t Водоснабжение и санитарная техника  |o научно-технический и производственный журнал  |v № 1, ч. 1  |d 1968- 
801 0 |a RU  |b 63413507  |c 20010227  |g PSBO 
801 1 |a RU  |b 63413507  |c 20060306  |g PSBO 
801 2 |a RU  |b 63413507  |c 20201118  |g PSBO 
942 |c BK 
999 |a НТБ_ТПУ  |b НФ  |e -1/20060110  |p П-3004  |s 11/20051014  |u 0,00  |v 1